000 00566nam a2200193Ia 4500
003 GCL
008 140319s9999 xx 000 0 ara d
040 _aGCL /
_cGCL
082 0 4 _a792
_bع هـ
100 1 _aعلى الراعى
245 1 0 _aهموم المسرح همومى /
_cعلى الراعى
260 _a[S.N] :
_bدار الهلال للطباعة والنشر ،
_c1994
300 _a485 ص
490 _a
650 0 4 _aالمسرح العربى
650 0 4 _aتاريخ ونقد
650 0 4 _aالمسرحيات العربية
942 _2ddc
_cBK
999 _c35704
_d35704